[Event "SRI-ch (Women)"]
[Site "Colombo"]
[Date "2012.03.29"]
[Round "7"]
[White "Gunaratne, Manisha Suchini"]
[Black "Nawaratne, Malithi"]
[Result "1-0"]
[WhiteElo "1567"]
[BlackElo "1558"]
[PlyCount "69"]
[EventDate "2012.03.23"]
[EventType "tourn"]
[EventRounds "11"]
[EventCountry "SRI"]
[SourceTitle "EXT 2013"]
[Source "ChessBase"]
[SourceDate "2012.11.22"]
[SourceVersion "1"]
[SourceVersionDate "2012.11.22"]
[SourceQuality "1"]

1. e4 c5 2. d4 cxd4 3. c3 dxc3 4. Nxc3 a6 5. Nf3 d6 6. Bc4 Nc6 7. 0-0 e6 8. Qe2 Nf6 9. Rd1 Qc7 10. Bf4 Be7 11. e5 dxe5 12. Nxe5 0-0 13. Ng6 e5 14. Nxe5 Bd6 15. Nxc6 Bxf4 16. Ne7+ Kh8 17. g3 Be5 18. Ned5 Nxd5 19. Nxd5 Bg4 20. Qxg4 Qc5 21. b4 Qc8 22. Qxc8 Raxc8 23. Rac1 b5 24. Bb3 h6 25. Rxc8 Rxc8 26. Nb6 Rc6 27. Nd7 Bd6 28. a3 f6 29. Bd5 Rc2 30. Be6 Rc6 31. Bf5 Kg8 32. Bg6 Be7 33. Re1 Bf8 34. Nxf8 Kxf8 35. Re8# 1-0